| 000 | 00926cam a2200301ui 4500 | ||
|---|---|---|---|
| 999 |
_c200430870 _d49056 |
||
| 001 | 200430870 | ||
| 003 | TR-AnTOB | ||
| 005 | 20230809001301.0 | ||
| 008 | 171205s2017 tur d | ||
| 020 | _a9786051525921 | ||
| 040 |
_aTR-IsYBT _beng _erda _cTR-AnTOB _dTR-AnTOB |
||
| 041 | 0 | _atur | |
| 050 | _aKKX3800 | ||
| 090 |
_aKKX3800 _b.K85 2017 |
||
| 100 | 1 |
_aKülçür, Erdem İzzet _eauthor _9121379 |
|
| 245 | 1 |
_aCeza hukukunda yer bakımından uygulama / _cErdem İzzet Külçür. |
|
| 264 | 1 |
_aİstanbul: _bOn İki Levha, _c2017. |
|
| 300 |
_axvii, 326 pages ; _c24 cm. |
||
| 336 |
_2rdacontent _atext _btxt |
||
| 337 |
_2rdamedia _aunmediated _bn |
||
| 338 |
_2rdacarrier _avolume _bnc |
||
| 490 | 0 |
_aOn İki Levha ; _v775 |
|
| 504 | _aIncludes bibliographical references. | ||
| 520 | _aİÇİNDEKİLER | ||
| 650 | 7 |
_aCeza hukuku _zTürkiye _2etuturkob _948989 |
|
| 942 |
_2lcc _cBK |
||